Statistics for Capitals of the Balkans - Map Quiz

Click here to take the quiz!

General Stats

  • This quiz has been taken 1,381 times
  • The average score is 8 of 11

Answers on the Map

Answers color-coded by a green-red scale on the quiz's map according to % correct below.
 

Answer Stats

Answer% Correct
Athens
96%
Sofia
78%
Belgrade
76%
Bucharest
76%
Tirana
74%
Ljubljana
71%
Sarajevo
71%
Zagreb
69%
Skopje
68%
Podgorica
67%
Pristina
64%

Score Distribution

Percentile by Number Answered

Percent of People with Each Score

Your Score History

You have not taken this quiz